Municipis de la comarca del Baix Ebre (Catalunya) - Statistics

General Stats
  • This quiz has been taken 239 times
  • The average score is 11 of 14
Answer Stats
Hint Answer % Correct
T Tortosa
94%
X Xerta
88%
A L'Ampolla
87%
D Deltebre
86%
AM L'Ametlla de Mar
84%
P El Perelló
81%
R Roquetes
78%
A L'Aldea
77%
C Camarles
75%
B Benifallet
73%
P Paüls
68%
T Tivenys
67%
AC Alfara de Carles
66%
A Aldover
62%
No matching quizzes found
Score Distribution
Percent of People with Each Score
Percentile by Number Answered
Your Score History
You have not taken this quiz